000 00489nam a22001575i 4500
001 154686
003 ES-MaACL
005 20230906205822.0
008 991007s1900 sp |||| | spa d
040 _aCAM
_bspa
_cCAM
100 1 _aGótor de Burbáguena, Pedro.
_9127735
245 1 0 _aNuestras costumbres /
_cPedro Gótor de Burbáguena.
260 _aMadrid :
_b[s.n.],
_c1900 (
_fImprenta de Ricardo Rojas)
300 _a400 p. ;
_c23 cm.
852 _aES-MaACL
_jG-11891
_z-- Enc. hol.
999 _c154686
_d154686